|
|
|
|
| LEADER |
01326nam a2200289 a 4500 |
| 001 |
4921761 |
| 008 |
091108s1994 ii b 001 0 eng D |
| 010 |
|
|
|a \\\94902402
|
| 020 |
|
|
|a 8122003648 :
|c Rs200.00
|
| 020 |
|
|
|a 9840801112
|
| 040 |
|
|
|a DLC
|c DLC
|
| 082 |
0 |
0 |
|a 309.2/5/0954
|2 20
|
| 245 |
0 |
0 |
|a Converting water into wealth :
|b regional cooperation in harnessing the eastern Himalayan rivers /
|c edited by B.G. Varghese ... [et al.].
|
| 260 |
|
|
|a Delhi :
|b Konark Publishers,
|c 1994.
|
| 300 |
|
|
|a xx, 137 p. ;
|c 23 cm.
|
| 500 |
|
|
|a "Under the auspices of Centre for Policy Research, New Delhi, Bangladesh Unnayan Parishad, Dhaka, Institute for Integrated Development Studies, Kathmandu."
|
| 504 |
|
|
|a Includes bibliographical references (p. [133]-134) and index.
|
| 541 |
1 |
|
|e 00008375
|
| 650 |
|
0 |
|a Regional planning
|z South Asia.
|
| 650 |
|
0 |
|a Rivers
|z Himalaya Mountains Region.
|
| 700 |
1 |
|
|a Verghese, B. G.
|
| 710 |
2 |
|
|a Centre for Policy Research (New Delhi, India)
|
| 710 |
2 |
|
|a Bangladesh Unnayan Parishad.
|
| 710 |
2 |
|
|a Institute for Integrated Development Studies (Kathmandu, Nepal)
|
| 852 |
4 |
|
|a Ayesha Abed Library
|j General shelf
|
| 999 |
|
|
|c 8392
|d 8392
|
| 952 |
|
|
|0 0
|1 0
|2 ddc
|4 0
|6 309_250954000000000_CON_1994
|7 0
|9 9784
|a BRACUL
|b BRACUL
|c GEN
|d 2010-05-05
|l 0
|o 309.250954 CON
|p 3010008375
|r 2010-05-05
|t 1
|w 2010-05-05
|y BK
|